00454 2200181 4500001002100000005001500021008004100036020002200077035001900099041000700118082000800125090001200133100001700145245004200162260003400204300001300238650002100251INLIS00000000002183120241224131138241224||||||||| | ||| |||| || |  a978-602-317-272-6 0010-1224021831 aid0 a634 a634 BUD0 aAgro Mandiri00aBudi Daya Jambu Citra dan Jambu Sukun aSurakartabVisi Mandiric2017 a88 Hal;; 0aTanaman dan Buah